A golpe de calcetin / (Record no. 29823)

MARC details
000 -LEADER
fixed length control field 01168cam a2200313Ia 4500
001 - CONTROL NUMBER
control field zsdlsd b945582
003 - CONTROL NUMBER IDENTIFIER
control field OCoLC
005 - DATE AND TIME OF LATEST TRANSACTION
control field 20240527111949.0
008 - FIXED-LENGTH DATA ELEMENTS--GENERAL INFORMATION
fixed length control field 011121s2000 mx a j 001 1 spa d
020 ## - INTERNATIONAL STANDARD BOOK NUMBER
International Standard Book Number 968166132X (pbk.) :
Terms of availability $6.99
020 ## - INTERNATIONAL STANDARD BOOK NUMBER
International Standard Book Number 9789681661328
040 ## - CATALOGING SOURCE
Original cataloging agency LPU
Transcribing agency LPU
Modifying agency JTB
092 0# - LOCALLY ASSIGNED DEWEY CALL NUMBER (OCLC)
Classification number SPA FIC/HINOJOSA
100 1# - MAIN ENTRY--PERSONAL NAME
Personal name Hinojosa, Francisco.
245 10 - TITLE STATEMENT
Title A golpe de calcetin /
Statement of responsibility, etc. Francisco Hinojosa ; ilustraciones de Rafael Barajas, El Fisgon.
250 ## - EDITION STATEMENT
Edition statement 3a ed., corr.
260 ## - PUBLICATION, DISTRIBUTION, ETC. (IMPRINT)
Place of publication, distribution, etc. Mexico, D.F. :
Name of publisher, distributor, etc. Fondo de Cultura Economica,
Date of publication, distribution, etc. 2000.
300 ## - PHYSICAL DESCRIPTION
Extent 46 p. :
Other physical details ill. ;
Dimensions 19 cm.
440 #2 - SERIES STATEMENT/ADDED ENTRY--TITLE
Title A la orilla del viento ;
Volume/sequential designation 130.
500 ## - GENERAL NOTE
General note Includes index.
500 ## - GENERAL NOTE
General note "Para los que leen bien"--P. [4] of cover.
520 ## - SUMMARY, ETC.
Summary, etc. The story of a newspaper boy in Mexico City. After a friend has been injured by a thief, Manuel is instrumental in capturing the thief, and as a result gets his name in the paper.
521 1# - TARGET AUDIENCE NOTE
Target audience note 011-014.
521 2# - TARGET AUDIENCE NOTE
Target audience note 006-009.
650 #0 - SUBJECT ADDED ENTRY--TOPICAL TERM
Topical term or geographic name as entry element Newspaper vendors
Geographic subdivision Mexico City (Mexico)
Form subdivision Juvenile fiction.
651 #0 - SUBJECT ADDED ENTRY--GEOGRAPHIC NAME
Geographic name Mexico City (Mexico)
Form subdivision Juvenile fiction.
700 1# - ADDED ENTRY--PERSONAL NAME
Personal name Barajas, Rafael
Relator term ill.
942 ## - ADDED ENTRY ELEMENTS (KOHA)
Koha item type Libro/Book

No items available.

Powered by Koha